| 000 | 00408nam a2200157Ia 4500 | ||
|---|---|---|---|
| 005 | 20250408072517.0 | ||
| 008 | 240331s9999 xx 000 0 und d | ||
| 082 |
_bPER _a100 |
||
| 245 | 0 | _aPeriyar kalanchiyam-5 | |
| 250 | _a2nd | ||
| 260 |
_aChennai _bPeriyar suyamariyaathaip prasaara niruvana veliyidu _c1994 |
||
| 300 | _a318 p ., | ||
| 650 | _aPenurimai - 1 | ||
| 700 |
_aVeramani,K. _eedt |
||
| 942 | _cL | ||
| 999 |
_c1593 _d1593 |
||